America's Mission : (Record no. 13978)
[ view plain ]
| 000 -LEADER | |
|---|---|
| fixed length control field | 01565pam a2200337 a 4500 |
| 001 - CONTROL NUMBER | |
| control field | 1596002 |
| 005 - DATE AND TIME OF LATEST TRANSACTION | |
| control field | 20030902183255.0 |
| 008 - FIXED-LENGTH DATA ELEMENTS--GENERAL INFORMATION | |
| fixed length control field | 940411s1994 nju | b 001 0 eng d |
| 010 ## - LIBRARY OF CONGRESS CONTROL NUMBER | |
| LC control number | 94011314 |
| 020 ## - INTERNATIONAL STANDARD BOOK NUMBER | |
| International Standard Book Number | 0691037841 |
| 020 ## - INTERNATIONAL STANDARD BOOK NUMBER | |
| International Standard Book Number | 069104466x |
| 040 ## - CATALOGING SOURCE | |
| Original cataloging agency | DLC |
| Transcribing agency | DLC |
| Modifying agency | DLC |
| 043 ## - GEOGRAPHIC AREA CODE | |
| Geographic area code | n-us--- |
| 050 00 - LIBRARY OF CONGRESS CALL NUMBER | |
| Classification number | E744 |
| Item number | .S588 1994 |
| 082 00 - DEWEY DECIMAL CLASSIFICATION NUMBER | |
| Edition number | 20 |
| Classification number | 327.73 |
| Item number | SMI |
| 100 1# - MAIN ENTRY--PERSONAL NAME | |
| Personal name | Smith, Tony, |
| Dates associated with a name | 1942- |
| 9 (RLIN) | 13935 |
| 245 10 - TITLE STATEMENT | |
| Title | America's Mission : |
| Remainder of title | The United States and the Worldwide Struggle for Democracy in the Twentieth Century / |
| Statement of responsibility, etc | Tony Smith. |
| 260 ## - PUBLICATION, DISTRIBUTION, ETC. (IMPRINT) | |
| Place of publication, distribution, etc | Princeton, N.J. : |
| Name of publisher, distributor, etc | Princeton University Press, |
| Date of publication, distribution, etc | c1994. |
| 300 ## - PHYSICAL DESCRIPTION | |
| Extent | xviii, 455 p. ; |
| Dimensions | 23 cm. |
| 490 #0 - Series Statement | |
| Series statement | Princeton studies in international history and politics |
| -- | 13939 |
| 500 ## - GENERAL NOTE | |
| General note | "A Twentieth Century Fund book." |
| 504 ## - BIBLIOGRAPHY, ETC. NOTE | |
| Bibliography, etc | Includes bibliographical references and index. |
| 650 #0 - SUBJECT ADDED ENTRY--TOPICAL TERM | |
| Topical term or geographic name as entry element | World politics |
| Chronological subdivision | 20th century. |
| 9 (RLIN) | 13936 |
| 650 #0 - SUBJECT ADDED ENTRY--TOPICAL TERM | |
| Topical term or geographic name as entry element | Democracy |
| General subdivision | History |
| Chronological subdivision | 20th century. |
| 9 (RLIN) | 13937 |
| 651 #0 - SUBJECT ADDED ENTRY--GEOGRAPHIC NAME | |
| Geographic name | United States |
| General subdivision | Foreign relations |
| Chronological subdivision | 20th century. |
| 9 (RLIN) | 13938 |
| 856 42 - ELECTRONIC LOCATION AND ACCESS | |
| Materials specified | Publisher description |
| Uniform Resource Identifier | <a href="http://www.loc.gov/catdir/description/prin031/94011314.html">http://www.loc.gov/catdir/description/prin031/94011314.html</a> |
| 856 41 - ELECTRONIC LOCATION AND ACCESS | |
| Materials specified | Table of contents |
| Uniform Resource Identifier | <a href="http://www.loc.gov/catdir/toc/prin031/94011314.html">http://www.loc.gov/catdir/toc/prin031/94011314.html</a> |
| 942 ## - ADDED ENTRY ELEMENTS (KOHA) | |
| Source of classification or shelving scheme | Dewey Decimal Classification |
| Item type | Book - Borrowing |
| Withdrawn status | Item status | Source of classification or shelving scheme | Damaged status | Not for loan | Vendor | Home library | Current library | Shelving location | Date acquired | Source of acquisition | Cost, normal purchase price | Serial Enumeration / chronology | Total Checkouts | Total Renewals | Full call number | Barcode | Date last seen | Date last borrowed | Koha item type |
|---|---|---|---|---|---|---|---|---|---|---|---|---|---|---|---|---|---|---|---|
| Dewey Decimal Classification | Baccah | Central Library | Central Library | First floor | 15/05/2010 | 188.00 | 10268 | 6 | 15 | 327.73 SMI | 000020713 | 15/07/2025 | 02/12/2020 | Book - Borrowing |